00238nam a2200097 4500020001500000082002200015100000800037245004000045260004700085300000800132 a9555900272 a333.7 NATb007588 aNSF aNatural Resources of Sri Lanka 2000 acolombobNational Science Foundationc2000 a305